Hacia el lenguaje: del feto al adolescente
Gespeichert in:
| Hauptverfasser: | , |
|---|---|
| Format: | Buch |
| Sprache: | Spanisch |
| Veröffentlicht: |
Madrid
Morata
2005
|
| Ausgabe: | 1a. ed |
| Schriftenreihe: | Serie Bruner. El Desarrollo en el Niño, 28
|
| Schlagworte: | |
| Tags: |
Tag hinzufügen
Keine Tags, Fügen Sie den ersten Tag hinzu!
|
MARC
| LEADER | 00000cam a2200000 a 4500 | ||
|---|---|---|---|
| 001 | UCK9288 | ||
| 003 | CL-VaPUC | ||
| 008 | 060428e20050000SP |||||||||||||||||spa|d | ||
| 020 | |a 8471124831 | ||
| 082 | 0 | 4 | |a 401.93 |b KAR |2 21 |
| 100 | 0 | |a Karmiloff, Kyra |e author |9 499009 | |
| 700 | |a Karmiloff-Smith, Annette |e author |9 499010 | ||
| 245 | 1 | 0 | |a Hacia el lenguaje: del feto al adolescente |
| 250 | |a 1a. ed | ||
| 300 | |a 367 p | ||
| 942 | |c BK | ||
| 945 | |d 20060428 00:00:00 |a cmena | ||
| 260 | |a Madrid |b Morata |c 2005 | ||
| 650 | 0 | |a Adquisición del lenguaje |9 309032 | |
| 650 | 0 | |a Procesos mentales superiores |9 330839 | |
| 650 | 0 | |a Desarrollo del niño |9 336460 | |
| 650 | 7 | |a HABLA |2 CL-VaPUC |9 311668 | |
| 650 | 0 | |a Desarrollo individual |9 307875 | |
| 583 | |a last modification |c 20141003 11:34:17 |k Rodrigo Vera | ||
| 490 | 0 | |a Serie Bruner. El Desarrollo en el Niño, 28 | |
| 999 | |c 316516 |d 316514 | ||
| 952 | |0 0 |1 0 |4 0 |6 401_930000000000000_KAR_2005 |7 0 |8 A |9 390939 |a BIBEDU |b BIBEDU |d 2019-11-22 |i 4224175 |o 401.93 KAR 2005 |p 4224175 |r 2019-11-22 |w 2019-11-22 |y BK |k EDU | ||
| 952 | |0 0 |1 0 |3 erb |4 0 |6 401_930000000000000_KAR_2005 |7 0 |8 A |9 390940 |a BIBEDU |b BIBEDU |i 5117437 |l 2 |o 401.93 KAR 2005 |p 5117437 |r 2024-06-19 |s 2024-06-07 |w 2019-11-22 |y BK |z Catalogado en:20141003 |k EPE | ||